00434nam a2200145Ia 4500008004100000020001800041082002600059100002200085245007600107250000600183260002400189300001100213440002500224651003900249120622s9999 xx 000 0 und d a970-07-2260-0 a086.1 S479c v.45 2000 aO'Gorman, Edmundo aHistoria de las divisiones territoriales de México / Edmundo O'Gorman a9 aMéxico : Porrúa a326 p. aSepan cuántos ; 45 a1. MEXICO - GEOGRAFIA HISTORICAÌ